00721nam a22001937a 4500999001900000005001700019010001300036020002600049035001200075037001600087082001600103100004100119245010200160246005600262260006100318270009500379300002200474942003100496 c188075d18807520220509163754.0 aUR-11537 c400.00a9788195177929 aU-10093 bDBAD/PUBa- a841.082Ist aا بر ار ر ضا مصبا حی  aبو ستا ن آ سی (جلد سو م )c ما بر ار ر ضا مصبا حی hا ر د و  bBostan-e-Aasi Vol.3 (Urdu)aby Abrar Raza Misbahi  aTilangana bShah Abdul Aleem Aasi Foundation,c2022 ء  aSamar Apartment,R-1974014th Jogabai Extn. Jamia Nagar,bNew Delhi e110025k09990261528l- a384 صc22 Cm(Hb) 2ddccURh841.08mا ب ر